[Event "Charleroi op"]
[Site "Charleroi"]
[Date "2016.07.30"]
[Round "1"]
[White "Capone, Nicola"]
[Black "Hawia, Thierry"]
[Result "1-0"]
[WhiteElo "2397"]
[BlackElo "2051"]
[PlyCount "41"]
[EventDate "2016.07.30"]
[EventType "swiss"]
[EventRounds "9"]
[EventCountry "BEL"]
[SourceTitle "CBM 173 Extra"]
[Source "ChessBase"]
[SourceDate "2016.08.29"]
[SourceVersion "1"]
[SourceVersionDate "2016.08.29"]
[SourceQuality "1"]

1. e4 e5 2. Nf3 Nc6 3. Bc4 Bc5 4. c3 Nf6 5. d3 a6 6. 0-0 d6 7. a4 0-0 8. Bg5 Ba7 9. Nbd2 Be6 10. Re1 h6 11. Bh4 g5 12. Bg3 Ne7 13. d4 exd4 14. Nxd4 d5 15. exd5 Bxd5 16. Be5 Bxc4 17. Bxf6 Be6 18. Qh5 Bxd4 19. cxd4 Kh7 20. Nf3 Rg8 21. Rxe6 1-0

[Event "Cappelle op 32nd"]
[Site "Cappelle la Grande"]
[Date "2016.02.15"]
[Round "3"]
[White "Hawia, Thierry"]
[Black "Arizmendi Martinez, Julen Luis"]
[Result "0-1"]
[WhiteElo "2062"]
[BlackElo "2507"]
[PlyCount "106"]
[EventDate "2016.02.13"]
[EventType "swiss"]
[EventRounds "9"]
[EventCountry "FRA"]
[SourceTitle "EXT 2017"]
[Source "ChessBase"]
[SourceDate "2016.10.25"]
[SourceVersion "1"]
[SourceVersionDate "2016.10.25"]
[SourceQuality "1"]

1. e4 e6 2. d4 d5 3. e5 c5 4. c3 Qb6 5. Nf3 Nc6 6. Bd3 cxd4 7. cxd4 Bd7 8. 0-0 Nxd4 9. Nxd4 Qxd4 10. Nc3 a6 11. Qe2 Ne7 12. Kh1 Nc6 13. f4 Nb4 14. Rd1 Bc5 15. Bxa6 Qf2 16. Qxf2 Bxf2 17. Bb5 Bc6 18. a3 0-0 19. Rb1 Na2 20. Nxa2 Bxb5 21. Bd2 d4 22. Nb4 Be2 23. Rdc1 Rfc8 24. h3 h5 25. Rxc8+ Rxc8 26. Rc1 Rxc1+ 27. Bxc1 f6 28. g4 Bf3+ 29. Kh2 hxg4 30. hxg4 Bxg4 31. Nd3 Bh4 32. Nc5 fxe5 33. fxe5 b6 34. Ne4 Kf7 35. Bd2 Ke7 36. a4 Kd7 37. a5 bxa5 38. Bxa5 Kc6 39. Kg2 Kd5 40. Nf2 Bxf2 41. Kxf2 Kxe5 42. Bc7+ Ke4 43. b4 Bh5 44. b5 Be8 45. b6 Bc6 46. Ke2 e5 47. Bd8 Bb7 48. Be7 Ba6+ 49. Kd2 Kd5 50. Bf8 g6 51. Bg7 e4 52. Bh6 e3+ 53. Ke1 Ke4 0-1

[Event "Cappelle op 27th"]
[Site "Cappelle la Grande"]
[Date "2011.02.28"]
[Round "3"]
[White "Benitah, Yohan"]
[Black "Hawia, Thierry"]
[Result "1-0"]
[WhiteElo "2389"]
[BlackElo "2044"]
[PlyCount "63"]
[EventDate "2011.02.26"]
[EventType "swiss"]
[EventRounds "9"]
[EventCountry "FRA"]
[SourceTitle "CBM 141 Extra"]
[Source "ChessBase"]
[SourceDate "2011.05.03"]
[SourceVersion "1"]
[SourceVersionDate "2011.05.03"]
[SourceQuality "1"]

1. d4 Nf6 2. c4 e5 3. dxe5 Ng4 4. Nf3 Bc5 5. e3 Nc6 6. a3 a5 7. Nc3 Ngxe5 8. Nxe5 Nxe5 9. f4 Ng6 10. Bd3 d6 11. 0-0 f5 12. Kh1 0-0 13. Rf3 c6 14. Rh3 Rf6 15. b3 Qe7 16. Ra2 Bd7 17. Re2 Qf7 18. Qd2 Nf8 19. Bb2 Rg6 20. Na4 Ne6 21. Bc2 b5 22. cxb5 cxb5 23. Qd5 Nc7 24. Qxf7+ Kxf7 25. Nxc5 dxc5 26. Rxh7 Re8 27. h3 Nd5 28. Rd2 Kg8 29. Rxd5 Bc6 30. Bxf5 Kxh7 31. Bxg6+ Kxg6 32. Rd6+ 1-0

[Event "Charleroi op 3rd"]
[Site "Charleroi"]
[Date "2004.08.02"]
[Round "4"]
[White "Hawia, Thierry"]
[Black "Both, Bert"]
[Result "1/2-1/2"]
[WhiteElo "2074"]
[BlackElo "1922"]
[PlyCount "59"]
[EventDate "2004.07.03"]
[EventType "swiss"]
[EventRounds "9"]
[EventCountry "BEL"]
[SourceTitle "CBM 101 Extra"]
[Source "ChessBase"]
[SourceDate "2004.09.01"]
[SourceVersion "2"]
[SourceVersionDate "2004.09.01"]
[SourceQuality "1"]

1. e4 c5 2. Nf3 e6 3. d4 cxd4 4. Nxd4 Nc6 5. Nc3 a6 6. Be2 Qc7 7. 0-0 Nf6 8. Be3 Be7 9. Kh1 0-0 10. f4 d6 11. Qe1 Nxd4 12. Bxd4 b5 13. Bd3 b4 14. e5 Nd5 15. Ne4 f5 16. exf6 Bxf6 17. Bxf6 Nxf6 18. Ng5 Qb6 19. Nxe6 Re8 20. f5 d5 21. Qh4 Bxe6 22. fxe6 Rxe6 23. Rxf6 Rxf6 24. Qxh7+ Kf7 25. Qh5+ Ke7 26. Re1+ Re6 27. Qg5+ Kf8 28. Qf5+ Ke7 29. Qg5+ Kf8 30. Qf5+ 1/2-1/2